Catálogo público

Leguminosas forrajeras : (Record no. 110696)

MARC details
000 -CABECERA
campo de control de longitud fija 01494nam a2200409 a 4500
001 - NÚMERO DE CONTROL
campo de control 000114235
003 - IDENTIFICADOR DEL NÚMERO DE CONTROL
campo de control CHAP
005 - FECHA Y HORA DE LA ÚLTIMA TRANSACCIÓN
campo de control 20220329144432.0
008 - DATOS DE LONGITUD FIJA--INFORMACIÓN GENERAL
campo de control de longitud fija 171128s2010 mx a |r| |||||||spa d
010 ## - NÚMERO DE CONTROL DE LA BIBLIOTECA DEL CONGRESO
Número de control de LC 110696
011 ## - ENLACE DEL NUMERO DE CONTROL DE LA BIBLIOTECA DEL CONGRESO [OBSOLETO]
Número de control de LC 111668
020 ## - NÚMERO INTERNACIONAL ESTÁNDAR DEL LIBRO
Número Internacional Estándar del Libro 9786074254495
040 ## - FUENTE DE LA CATALOGACIÓN
Centro/agencia transcriptor CHAP
090 ## - LOCALMENTE ASIGNADO TIPO-LC NÚMERO DE CLASIFICACIÓN (OCLC); NÚMERO DE CLASIFICACIÓN LOCAL (RLIN)
Número de clasificación (OCLC) (R) ; Numero de clasificación, CALL (RLIN) (NR) Folleto 4389
100 1# - ENTRADA PRINCIPAL--NOMBRE DE PERSONA
Nombre de persona Villanueva Avalos, José Francisco
9 (RLIN) 133931
245 10 - MENCIÓN DE TÍTULO
Título Leguminosas forrajeras :
Resto del título un recurso sustentable para el tropico mexicano /
Mención de responsabilidad, etc. Por José Francisco Villanueva Avalos, Filiberto Herrera Cedano y Raúl Placencia Jimenez.
260 ## - PUBLICACIÓN, DISTRIBUCIÓN, ETC.
Lugar de publicación, distribución, etc. Nayarit, México :
Nombre del editor, distribuidor, etc. Prometeo,
Fecha de publicación, distribución, etc. 2010.
300 ## - DESCRIPCIÓN FÍSICA
Extensión 51 p. :
Otras características físicas il.
490 0# - MENCIÓN DE SERIE
Mención de serie Folleto técnico
590 ## - NOTA LOCAL (RLIN)
Nota local BATCH-UPD
Procedencia (VM) [OBSOLETO] 05
Condición del los carretes individuales (VM) [OBSOLETO] 20171128
-- UCH01
-- 1008
590 ## - NOTA LOCAL (RLIN)
Nota local E11695DGD
Procedencia (VM) [OBSOLETO] 10
Condición del los carretes individuales (VM) [OBSOLETO] 20171129
-- UCH01
-- 0910
590 ## - NOTA LOCAL (RLIN)
Nota local E11695DGD
Procedencia (VM) [OBSOLETO] 10
Condición del los carretes individuales (VM) [OBSOLETO] 20171129
-- UCH01
-- 0938
590 ## - NOTA LOCAL (RLIN)
Nota local E11695DGD
Procedencia (VM) [OBSOLETO] 10
Condición del los carretes individuales (VM) [OBSOLETO] 20171129
-- UCH01
-- 0939
590 ## - NOTA LOCAL (RLIN)
Nota local E6339RRR
Procedencia (VM) [OBSOLETO] 05
Condición del los carretes individuales (VM) [OBSOLETO] 20171128
-- UCH01
-- 1007
590 ## - NOTA LOCAL (RLIN)
Nota local E6339RRR
Procedencia (VM) [OBSOLETO] 05
Condición del los carretes individuales (VM) [OBSOLETO] 20171128
-- UCH01
-- 1014
650 14 - PUNTO DE ACCESO ADICIONAL DE MATERIA--TÉRMINO DE MATERIA
Término de materia o nombre geográfico como elemento de entrada Leguminosas forrajeras
Subdivisión general Digestibilidad.
9 (RLIN) 133266
650 14 - PUNTO DE ACCESO ADICIONAL DE MATERIA--TÉRMINO DE MATERIA
Término de materia o nombre geográfico como elemento de entrada Leguminosas forrajeras
Subdivisión general Fisiología y morfología.
9 (RLIN) 133073
650 14 - PUNTO DE ACCESO ADICIONAL DE MATERIA--TÉRMINO DE MATERIA
Término de materia o nombre geográfico como elemento de entrada Leguminosas forrajeras
Subdivisión general Valor nutritivo.
9 (RLIN) 133265
650 14 - PUNTO DE ACCESO ADICIONAL DE MATERIA--TÉRMINO DE MATERIA
Término de materia o nombre geográfico como elemento de entrada Leguminosas forrajeras
Subdivisión general Variedades.
9 (RLIN) 134155
650 14 - PUNTO DE ACCESO ADICIONAL DE MATERIA--TÉRMINO DE MATERIA
Término de materia o nombre geográfico como elemento de entrada Leguminosas
Subdivisión general México.
9 (RLIN) 65840
700 0# - PUNTO DE ACCESO ADICIONAL--NOMBRE DE PERSONA
Nombre de persona Herrera Cedano, Filiberto.
9 (RLIN) 54847
700 1# - PUNTO DE ACCESO ADICIONAL--NOMBRE DE PERSONA
Nombre de persona Plascencia Jiménez, Raúl.
9 (RLIN) 134160
830 0# - PUNTO DE ACCESO ADICIONAL DE SERIE-TÍTULO UNIFORME
Título uniforme Folleto técnico
Designación de volumen o secuencia ; 14
9 (RLIN) 42067
901 ## - ELEMENTOS DE DATOS A LOCAL LDA (RLIN)
a BK
942 ## - ELEMENTOS DE PUNTO DE ACCESO ADICIONAL (KOHA)
Tipo de ítem Koha Libro
942 ## - ELEMENTOS DE PUNTO DE ACCESO ADICIONAL (KOHA)
Suprimir en OPAC 0
Holdings
Estado de retiro Estado de pérdida Fuente del sistema de clasificación o colocación Estado dañado Restricciones de uso No para préstamo Código de colección Localización permanente Ubicación/localización actual Ubicación en estantería Fecha de adquisición Información codificada de la localización en otra ubicación Total de préstamos Signatura topográfica completa Código de barras Fecha visto por última vez Precio válido a partir de Tipo de ítem Koha
    Clasificación Universidad Autónoma de Chapingo   Préstamo interno   Folletos Biblioteca Central Biblioteca Central Planta alta - Área de Tesis - Folletos 28/11/2017 FOLL   Folleto 4389 33724002544702 31/12/2019 28/11/2017 Folleto